000 01086nam0a22002771 4500
001 rc\3224581
005 20260408075811.0
021 _aRU
_bРг7071-74
021 _aRU
_b74-44899
035 _a(NLR Aleph) 007366689
090 _a6364413
_c6364413
100 _a20130115d1974 |||y0rusy50 ca
101 0 _arus
102 _aRU
105 _ay z |||||
200 1 _aФармакология и метаболизм этомидата нового нон-барбитурата патента быстродействующего и безопасного при внутривенном вливании
_fЗдравоохранение-74. Москва. 28 мая - 10 июня 1974 г.
210 _a[Москва
_cБ. и.
_d1974]
215 _a26 с.
_d21
700 1 _aЯнссен
_bП.
712 1 2 _a"Здравоохранение-74", международная выставка
_f1974
_eМосква
_3RU\NLR\AUTH\8810219513
_9324389
801 0 _aRU
_bNLR
_gpsbo
801 1 _aRU
_bELAR
_2rusmarc
852 _aNLR
_j74-4/8323
942 _cBOOK
980 _aNB